Top 10 największych gospodarek w Europie - Statystyki

Ogólne statystyki
  • Ten quiz został rozwiązany 51 razy
  • Średni wynik to 9 z 10
Statystyki odpowiedzi
PKB Państwo % Poprawnych
1801 bln Polska
100%
3988 bln Francja
98%
2516 bln Hiszpania
98%
5687 bln Niemcy
98%
4029 bln Wielka Brytania
96%
3347 bln Włochy
96%
4124 bln Rosja
91%
1329 bln Holandia
89%
818 bln Szwajcaria
89%
818 bln Rumunia
64%
Nie znaleziono quizów pasujących do podanych kryteriów
Rozkład punktacji
Procent ludzi z każdym wynikiem
Percentyl według liczby udzielonych odpowiedzi
Twoja historia wyników
Nie rozwiązałeś tego quizu